[Event "Championnat de France des Jeunes - Pupi"]
[Site "LA ROCHE SUR YON"]
[Date "2008.04.25"]
[Round "7.7"]
[White "Jeannesson, Etienne"]
[Black "Kambrath, Yannick"]
[Result "0-1"]
[WhiteElo "1810"]
[BlackElo "1670"]
[Annotator "Salaun,Michel"]
[PlyCount "160"]
[EventDate "2008.04.27"]
[EventType "swiss"]
[EventRounds "9"]
[EventCountry "FRA"]

1. e4 e5 2. Nf3 Nc6 3. Bc4 Bc5 4. c3 Nf6 5. d4 exd4 6. cxd4 Bb4+ 7. Nc3 Nxe4 8.
O-O Bxc3 9. d5 Ne5 10. bxc3 Nxc4 11. Qd4 O-O 12. Qxe4 Nd6 13. Qg4 Qf6 14. Bg5
Qf5 15. Qxf5 Nxf5 16. g4 Nd6 17. Be7 Re8 18. Rfe1 f6 19. Bxd6 Rxe1+ 20. Rxe1
cxd6 21. Nd4 b6 22. Nb5 Bb7 23. c4 Kf8 24. Nxd6 Rb8 25. a4 a6 26. Nxb7 Rxb7 27.
d6 b5 28. Rb1 Kf7 29. f4 Ke6 30. cxb5 axb5 31. a5 Kxd6 32. a6 Ra7 33. Rxb5 Rxa6
34. Kf2 Kc6 35. Rh5 h6 36. g5 hxg5 37. fxg5 Ra5 38. h4 fxg5 39. Kf3 Rd5 40. Ke4
g6 41. Rh6 gxh4 42. Rxh4 Rh5 43. Rg4 d5+ 44. Kd4 g5 45. Ke5 Kc5 46. Rg1 {(=)}
g4+ 47. Kf4 d4 48. Rxg4 Kc4 49. Ke4 d3 50. Rg8 {(=)} Kc3 51. Ke3 Re5+ 52. Kf2
Re4 53. Rd8 d2 54. Rc8+ Kb2 55. Rb8+ Kc1 56. Rc8+ Kd1 57. Rh8 Re2+ 58. Kf3 Re7
59. Rh6 Rc7 60. Rd6 Kc2 61. Ke2 d1=Q+ 62. Rxd1 Re7+ 63. Kf3 Kxd1 64. Kf2 Kd2
65. Kf3 Kd3 66. Kf4 Kd4 67. Kf5 Re4 68. Kf6 Re5 69. Kg6 Kd5 70. Kf6 Kd6 71. Kg6
Ke6 72. Kg7 Rf5 73. Kg6 Ke5 74. Kg7 Rf6 75. Kg8 Ke6 76. Kg7 Ke7 77. Kg8 Rg6+
78. Kh8 Kf7 79. Kh7 Ra6 80. Kh8 Rh6# 0-1

[Event "Championnat de France des Jeunes - Pupi"]
[Site "LA ROCHE SUR YON"]
[Date "2008.04.25"]
[Round "7.8"]
[White "Eid, Amine"]
[Black "Bruez, Cyriaque"]
[Result "0-1"]
[WhiteElo "1797"]
[BlackElo "1627"]
[Annotator "Salaun,Michel"]
[PlyCount "151"]
[EventDate "2008.04.27"]
[EventType "swiss"]
[EventRounds "9"]
[EventCountry "FRA"]

1. e4 c5 2. Nf3 e6 3. d4 cxd4 4. Nxd4 Nc6 5. Nb5 a6 6. Nd6+ Bxd6 7. Qxd6 Qe7 8.
Qd1 Nf6 9. Nc3 d5 10. exd5 Nxd5 11. Bd2 Nf6 12. Bd3 Ne5 13. Be2 Ng6 14. O-O Bd7
15. Re1 Bc6 16. Bd3 Nf8 17. Bf4 Rd8 18. Qe2 Ng6 19. Bg3 O-O 20. a3 Rd7 21. Nd1
Rc8 22. h3 Qd8 23. Ne3 Be4 24. Rad1 Bxd3 25. Rxd3 Rxd3 26. Qxd3 Qxd3 27. cxd3
Rd8 28. Rd1 Nh5 29. Kh2 h6 30. d4 Nxg3 31. Kxg3 Ne7 32. Kf3 f5 33. g3 Kf7 34.
Ke2 Kf6 35. Nc2 Nc6 36. b4 b5 37. f4 g5 38. Ke3 gxf4+ 39. gxf4 Kg6 40. Kf3 Kh5
41. Rd2 Kh4 42. Rd1 Rd7 43. Kg2 Rg7+ 44. Kh2 Rg3 45. d5 exd5 46. Rxd5 Rxh3+ 47.
Kg2 Rc3 48. Ne1 Rxa3 49. Rd6 Nxb4 50. Rxh6+ Kg4 51. Rd6 Ra2+ 52. Kf1 a5 53. Rb6
Nc2 54. Ng2 Kf3 55. Nh4+ Kxf4 56. Rxb5 Ra1+ 57. Kf2 Ra2 58. Rxf5+ Kg4 59. Rc5
Kxh4 60. Ke2 {(=)} Nb4+ 61. Kd1 Kg4 62. Rc3 Kf4 63. Kc1 Ke4 64. Kb1 Kd4 65. Rb3
Rg2 66. Ra3 Nc6 67. Kc1 Kc4 68. Kb1 Kb4 69. Re3 Rg4 70. Kb2 a4 71. Ka2 Na7 72.
Rf3 Nb5 73. Kb2 a3+ 74. Kc1 Nc3 75. Rf2 Kb3 76. Rg2 0-1

[Event "Championnat de France des Jeunes - Pupi"]
[Site "LA ROCHE SUR YON"]
[Date "2008.04.25"]
[Round "7.9"]
[White "Beau, Pierre"]
[Black "Bordais, Benjamin"]
[Result "0-1"]
[WhiteElo "1640"]
[BlackElo "1770"]
[Annotator "Salaun,Michel"]
[PlyCount "146"]
[EventDate "2008.04.27"]
[EventType "swiss"]
[EventRounds "9"]
[EventCountry "FRA"]

1. e4 c5 2. Nf3 e6 3. d4 cxd4 4. Nxd4 Nc6 5. Nc3 Qc7 6. Be3 a6 7. f3 Nf6 8. Bc4
b5 9. Bb3 Bb7 10. Qd2 Be7 11. O-O-O O-O 12. h4 Na5 13. g4 Nxb3+ 14. Nxb3 b4 15.
Ne2 d5 16. e5 Nd7 17. f4 Rac8 18. Ned4 Nb6 19. Qf2 Nc4 20. h5 Nxe3 21. Qxe3 a5
22. h6 g6 23. f5 a4 24. Na1 exf5 25. gxf5 Bc5 26. fxg6 fxg6 27. Qg3 Bxd4 28.
Rxd4 Qc5 29. Rg4 Kh8 30. e6 d4 31. Rg5 Rf5 32. Rg1 {(=)} Be4 33. Rxf5 Bxf5 34.
Qf2 Kg8 35. e7 Re8 36. Rd1 Qxe7 37. Qxd4 Qe3+ 38. Qxe3 Rxe3 39. Rd4 Re1+ 40.
Rd1 Rxd1+ 41. Kxd1 g5 42. c3 bxc3 43. bxc3 Kf7 44. Nc2 Be6 45. a3 Kg6 46. Nd4
Bd7 47. c4 Kf6 48. Nb5 {(=)} Ke5 49. Ke2 g4 50. Ke3 Bc6 51. Nd4 Be4 52. Ne2 Bb7
53. Kd3 Bf3 54. Ng3 Kf4 55. Ne2+ Bxe2+ 56. Kxe2 Ke4 57. c5 Kd5 58. c6 Kxc6 59.
Kf2 Kd5 60. Kg3 Ke5 61. Kxg4 Kf6 62. Kf4 Kg6 63. Kg4 Kxh6 64. Kh4 Kg6 65. Kg4
h6 66. Kf4 h5 67. Kg3 Kf5 68. Kh4 Ke4 69. Kxh5 Kd3 70. Kg4 Kc3 71. Kf3 Kb3 72.
Ke2 Kxa3 73. Kd1 Kb2 0-1

[Event "Championnat de France des Jeunes - Pupi"]
[Site "LA ROCHE SUR YON"]
[Date "2008.04.25"]
[Round "7.10"]
[White "Grundman, Anatole"]
[Black "Malka, Samuel"]
[Result "1/2-1/2"]
[WhiteElo "1764"]
[BlackElo "1598"]
[Annotator "Salaun,Michel"]
[PlyCount "108"]
[EventDate "2008.04.27"]
[EventType "swiss"]
[EventRounds "9"]
[EventCountry "FRA"]

1. e4 c5 2. Nc3 Nc6 3. g3 e6 4. Bg2 a6 5. Nge2 Nge7 6. O-O g6 7. d3 Bg7 8. Be3
Nd4 9. Qd2 O-O 10. a4 Rb8 11. Nd1 d6 12. f4 Nec6 13. Nxd4 cxd4 14. Bf2 Bd7 15.
c3 Qa5 16. Qc2 Rfc8 17. Qe2 b5 18. b4 Qc7 19. axb5 axb5 20. h4 dxc3 21. h5 Nxb4
22. Ra7 Rb7 23. Rxb7 Qxb7 24. e5 Bc6 25. Ne3 Bxg2 26. Nxg2 Qd5 27. d4 Qb7 28.
hxg6 hxg6 29. Ne3 Na6 30. Ng4 d5 31. Nf6+ Kf8 32. g4 b4 33. f5 b3 34. fxg6 c2
35. Nh7+ Ke8 36. gxf7+ Qxf7 37. Qxa6 c1=Q 38. Rxc1 Rxc1+ 39. Kg2 Qd7 40. Qa8+
Rc8 41. Qa3 Rb8 42. Qb2 Bxe5 43. Qb1 Bg7 44. Bg3 Rb4 45. Bf2 Bxd4 46. Bxd4 Rxd4
47. Nf6+ Kd8 48. Nxd7 Kxd7 49. Kg3 Rb4 {(=)} 50. Qh7+ Kd6 51. Qh8 Rb7 52. Qd8+
Ke5 {(=)} 53. Qg5+ Kd6 54. Qc1 b2 {(=)} 1/2-1/2

[Event "Championnat de France des Jeunes - Benj"]
[Site "LA ROCHE SUR YON"]
[Date "2008.04.25"]
[Round "7.6"]
[White "Domenech, Vianney"]
[Black "Ringuet, Noe"]
[Result "0-1"]
[WhiteElo "1923"]
[BlackElo "1821"]
[Annotator "Salaun,Michel"]
[PlyCount "52"]
[EventDate "2008.04.27"]
[EventType "swiss"]
[EventRounds "9"]
[EventCountry "FRA"]

1. d4 e6 2. Nf3 Be7 3. Bf4 f5 4. e3 Nf6 5. Bd3 b6 6. Nbd2 Bb7 7. c3 O-O 8. h4
h6 9. Ne5 Nd5 10. Rh3 Nxf4 11. exf4 Qe8 12. h5 Bxg2 13. Rg3 Bb7 14. Qe2 c5 15.
O-O-O cxd4 16. Rdg1 Bf6 17. Ndc4 Bd5 18. Nd6 Qe7 19. Nb5 dxc3 20. Ng6 cxb2+ 21.
Kb1 Qc5 22. Nxf8 Kxf8 23. Bc2 Na6 24. Nc3 Bxc3 25. Qxa6 Rc8 26. Re3 Bd4 0-1

[Event "Championnat de France des Jeunes - Benj"]
[Site "LA ROCHE SUR YON"]
[Date "2008.04.25"]
[Round "7.7"]
[White "Kirk, Eden"]
[Black "Muheim, Sebastien"]
[Result "0-1"]
[WhiteElo "1915"]
[BlackElo "1972"]
[Annotator "Salaun,Michel"]
[PlyCount "44"]
[EventDate "2008.04.27"]
[EventType "swiss"]
[EventRounds "9"]
[EventCountry "FRA"]

1. d4 f5 2. Bg5 g6 3. Nc3 Bg7 4. h4 Nc6 5. e3 d6 6. Bc4 h6 7. Bxg8 Rxg8 8. Bf4
Kf7 9. d5 e5 10. Bg3 Ne7 11. f3 c6 12. Bf2 cxd5 13. Nxd5 Qa5+ 14. Nc3 Be6 15.
Nge2 d5 16. O-O Bf6 17. Qd3 Qb4 18. Qb5 Qd6 19. Rfb1 g5 20. h5 f4 21. Qxb7 Rgb8
22. Nb5 Qc5 0-1

[Event "Championnat de France des Jeunes - Benj"]
[Site "LA ROCHE SUR YON"]
[Date "2008.03.25"]
[Round "7.9"]
[White "Roubaud, Alexandre"]
[Black "Levacic, Adrien"]
[Result "1/2-1/2"]
[WhiteElo "1949"]
[BlackElo "1836"]
[Annotator "Salaun,Michel"]
[PlyCount "74"]
[EventDate "2008.04.27"]
[EventType "swiss"]
[EventRounds "9"]
[EventCountry "FRA"]

1. e4 e5 2. Nf3 Nc6 3. d4 exd4 4. Nxd4 Bb4+ 5. c3 Bc5 6. Be3 Bb6 7. Bc4 d6 8.
O-O Nf6 9. Nd2 Ng4 10. Qe2 Qh4 11. N2f3 Qh5 12. h3 Nxe3 13. Qxe3 O-O 14. Rad1
Kh8 15. Rfe1 Ne5 16. Nxe5 Qxe5 17. f4 Qf6 18. e5 dxe5 19. fxe5 Qh4 20. Rf1 Be6
21. Bxe6 fxe6 22. Kh2 h6 23. g3 Qe7 24. Qe4 Bxd4 25. Qxd4 Qg5 26. h4 Qh5 27.
Qe3 Rf5 28. Rxf5 Qxf5 29. Rd2 Qb1 30. a3 Rf8 31. Rf2 Rxf2+ 32. Qxf2 b6 33. Qe2
Qf5 34. Qb5 {(=)} Qc2+ 35. Kh3 Qf5+ 36. Kh2 Qf2+ 37. Kh3 Qf5+ {(=)} 1/2-1/2

[Event "Championnat de France des Jeunes - Benj"]
[Site "LA ROCHE SUR YON"]
[Date "2008.04.25"]
[Round "7.8"]
[White "Gueriche, Guillaume"]
[Black "Lemeille, Francois"]
[Result "1-0"]
[WhiteElo "1819"]
[BlackElo "2090"]
[Annotator "Salaun,Michel"]
[PlyCount "69"]
[EventDate "2008.04.27"]
[EventType "swiss"]
[EventRounds "9"]
[EventCountry "FRA"]

1. d4 Nf6 2. c4 e6 3. Nf3 b6 4. e3 Bb7 5. Bd3 Be7 6. Nc3 Bb4 7. Bd2 Bxc3 8.
Bxc3 Ne4 9. Rc1 O-O 10. h4 f5 11. Bxe4 fxe4 12. Ng5 Qf6 13. Rc2 d5 14. Qg4 Bc8
15. Qh5 h6 16. cxd5 exd5 17. Bb4 Rd8 18. Rxc7 Bd7 19. Rc2 Na6 20. Bc3 hxg5 21.
hxg5 Qf5 22. Rh4 Rac8 23. g4 Qe6 24. g6 Kf8 25. Qh8+ Qg8 26. Qh5 Qe6 27. Qh8+
Ke7 28. Qxg7+ Kd6 29. Qh6 Rg8 30. Qf4+ Kc6 31. Bd2+ Kb7 32. Rxc8 Bxc8 33. Rh7+
Bd7 34. Qf7 Nb8 35. Qxe6 1-0

[Event "Championnat de France des Jeunes - Benj"]
[Site "LA ROCHE SUR YON"]
[Date "2008.04.25"]
[Round "7.10"]
[White "Peyre, Thomas"]
[Black "Treand, Victor"]
[Result "0-1"]
[WhiteElo "1911"]
[BlackElo "1797"]
[Annotator "Salaun,Michel"]
[PlyCount "124"]
[EventDate "2008.04.27"]
[EventType "swiss"]
[EventRounds "9"]
[EventCountry "FRA"]

1. e4 c5 2. Nf3 g6 3. d4 cxd4 4. Nxd4 Bg7 5. Be3 Nf6 6. Nc3 Nc6 7. Bc4 O-O 8.
Bb3 Qa5 9. f3 d6 10. Qd2 Nxd4 11. Bxd4 Be6 12. O-O Rfc8 13. Rae1 Nd7 14. Bxg7
Kxg7 15. Kh1 Rc7 16. f4 Bxb3 17. axb3 Nb6 18. f5 Qe5 19. Re3 Rd8 20. Ref3 Rf8
21. fxg6 hxg6 22. Rh3 Kg8 23. Qd3 Rd7 24. Rd1 Rfd8 25. Nd5 Nxd5 26. Qxd5 Qxd5
27. exd5 Kg7 28. Re3 Re8 29. Rde1 Rc7 30. c4 Kf8 31. g4 g5 32. Rf1 Kg7 33. Ref3
f6 34. Re3 Rh8 35. Kg2 Kf8 36. Rc1 b6 {(=)} 37. Re2 Kf7 38. Kf3 Rh3+ 39. Kg2
Rxb3 40. Rcc2 Rb4 41. Re4 {(=)} b5 42. Kf3 Rb3+ 43. Ke2 Rxc4 44. Rexc4 bxc4 45.
Kd2 Rd3+ 46. Ke2 Rxd5 47. Rxc4 Rb5 48. Rc2 Ke6 49. Kf3 a5 50. Kg3 Rb3+ 51. Kf2
Kd5 52. Re2 e5 53. Kg1 Ke6 54. h4 gxh4 55. Rh2 Rg3+ 56. Kf2 Rxg4 57. Rh3 Rb4
58. b3 d5 59. Ke2 Kf5 60. Rf3+ Rf4 61. Rd3 Ke6 62. Rc3 a4 0-1

[Event "Championnat de France des Jeunes - Cade"]
[Site "LA ROCHE SUR YON"]
[Date "2008.04.25"]
[Round "7.8"]
[White "Labise, Ophelie"]
[Black "Hedouin, Priscillia"]
[Result "0-1"]
[WhiteElo "1660"]
[BlackElo "1470"]
[Annotator "Salaun,Michel"]
[PlyCount "90"]
[EventDate "2008.04.27"]
[EventType "swiss"]
[EventRounds "9"]
[EventCountry "FRA"]

1. d4 e6 2. c4 f5 3. Nc3 Nf6 4. g3 Be7 5. Bg2 O-O 6. Nf3 Qe8 7. O-O d6 8. Re1
Qg6 9. Nh4 Qf7 10. Qc2 Ne4 11. Nf3 Qg6 12. Nd2 Nxc3 13. Qxc3 Nd7 14. Nb3 c5 15.
dxc5 dxc5 16. e4 Nf6 17. exf5 Qxf5 18. Re5 Qg6 19. f3 b6 20. Bd2 Nh5 21. Re2
Bb7 22. Rae1 Rae8 23. f4 Bxg2 24. Rxg2 Bf6 25. Qc1 Bd4+ 26. Be3 Bxe3+ 27. Qxe3
Rf6 28. Nc1 Qf7 29. b3 g6 30. Nd3 Ng7 31. Ne5 Nf5 32. Nxf7 Nxe3 33. Rxe3 Kxf7
34. Rd2 Re7 35. Kf2 e5 36. Kf3 g5 37. Re4 exf4 38. Rxe7+ Kxe7 39. Re2+ Kf7 40.
gxf4 Rxf4+ 41. Kg3 Kf6 42. Rd2 Rd4 43. Rf2+ Kg6 44. Re2 Rd3+ 45. Kg4 h5# 0-1

[Event "Championnat de France des Jeunes - Cade"]
[Site "LA ROCHE SUR YON"]
[Date "2008.04.25"]
[Round "7.6"]
[White "Garma, Jovanka"]
[Black "Leriquier, Claire"]
[Result "0-1"]
[WhiteElo "1770"]
[BlackElo "1890"]
[Annotator "Salaun,Michel"]
[PlyCount "82"]
[EventDate "2008.04.27"]
[EventType "swiss"]
[EventRounds "9"]
[EventCountry "FRA"]

1. e4 e6 2. d4 d5 3. exd5 exd5 4. Bd3 Bd6 5. Ne2 Nf6 6. Bf4 c6 7. Nd2 Bxf4 8.
Nxf4 Bg4 9. f3 Be6 10. c3 Qe7 11. Ne2 Nbd7 12. Qc2 Qd6 13. Nf1 g6 14. Nfg3
O-O-O 15. O-O-O h5 16. h4 Nb6 17. b3 Ne8 18. Rde1 Nc7 19. a4 Rde8 20. Qd2 Re7
21. Nf4 Rhe8 22. Nge2 Kb8 23. Nxe6 Nxe6 24. g4 Qa3+ 25. Qb2 Qxb2+ 26. Kxb2 hxg4
27. Nc1 gxf3 28. Ref1 Nf4 29. Bc2 Rh8 30. Rxf3 Ng2 31. Rfh3 Nd7 32. Nd3 Re2 33.
R3h2 Rhe8 34. Kc1 Nf6 35. Rg1 Nf4 36. Rhh1 Nxd3+ 37. Bxd3 R2e7 38. c4 Kc7 39.
Kc2 a6 40. c5 Nh5 41. Kb2 a5 0-1

[Event "Championnat de France des Jeunes - Cade"]
[Site "LA ROCHE SUR YON"]
[Date "2008.04.25"]
[Round "7.7"]
[White "Vinckier, Delphine"]
[Black "Mallard, Ophelie"]
[Result "1-0"]
[WhiteElo "1818"]
[BlackElo "1630"]
[Annotator "Salaun,Michel"]
[PlyCount "45"]
[EventDate "2008.04.27"]
[EventType "swiss"]
[EventRounds "9"]
[EventCountry "FRA"]

1. e4 e6 2. d4 d5 3. Nc3 Bb4 4. e5 c5 5. Bd2 Bd7 6. Nb5 Bxd2+ 7. Qxd2 cxd4 8.
Nd6+ Kf8 9. Qb4 Ne7 10. Qxd4 Nbc6 11. Qf4 Qa5+ 12. c3 Nf5 13. Nxf5 exf5 14. Nf3
Re8 15. Be2 Qc7 16. O-O-O f6 17. Qd2 fxe5 18. Qxd5 Rd8 19. Ng5 Be8 20. Ne6+ Ke7
21. Nxc7 Rxd5 22. Nxd5+ Kf7 23. Nc7 1-0

[Event "Championnat de France des Jeunes - Cade"]
[Site "LA ROCHE SUR YON"]
[Date "2008.04.25"]
[Round "7.9"]
[White "Cechetto, Lea"]
[Black "Deltour, Marie"]
[Result "1-0"]
[WhiteElo "1752"]
[BlackElo "1380"]
[Annotator "Salaun,Michel"]
[PlyCount "63"]
[EventDate "2008.04.27"]
[EventType "swiss"]
[EventRounds "9"]
[EventCountry "FRA"]

1. e4 e5 2. Nf3 Nf6 3. d3 d5 4. exd5 Qxd5 5. Nc3 Bb4 6. Bd2 Bxc3 7. Bxc3 Nc6 8.
Be2 O-O 9. O-O Bf5 10. Re1 Rfe8 11. Nh4 Bg6 12. Nxg6 hxg6 13. Bf3 Qc5 14. Qd2
Rad8 15. Qg5 Nd4 16. Bd1 b5 17. a3 a6 18. Bd2 Qd5 19. Rc1 c5 20. Be3 c4 21.
dxc4 Qxc4 22. h3 Ne4 23. Qg4 f5 24. Qxg6 Re6 25. Qh5 f4 26. Bxd4 Qxd4 27. Qf3
Qxb2 28. Qxe4 Qxc1 29. Bg4 Qxa3 30. Bxe6+ Kh8 31. Qxe5 Qb4 32. Qh5# 1-0

[Event "Championnat de France des Jeunes - Mini"]
[Site "LA ROCHE SUR YON"]
[Date "2008.04.25"]
[Round "7.6"]
[White "Martin, Cedric"]
[Black "Graca, Robert"]
[Result "1-0"]
[WhiteElo "2125"]
[BlackElo "2103"]
[Annotator "Salaun,Michel"]
[PlyCount "159"]
[EventDate "2008.04.27"]
[EventType "swiss"]
[EventRounds "9"]
[EventCountry "FRA"]

1. e4 c5 2. Nf3 d6 3. c3 Nf6 4. Be2 g6 5. O-O Bg7 6. Bb5+ Bd7 7. Bxd7+ Qxd7 8.
Re1 Nc6 9. d4 cxd4 10. cxd4 d5 11. e5 Ne4 12. Nbd2 Nxd2 13. Bxd2 Rc8 14. b4 O-O
15. b5 Nd8 16. Qb3 Ne6 17. Rac1 Rfd8 18. Rxc8 Rxc8 19. Rc1 Rxc1+ 20. Bxc1 Nd8
21. a4 Qc7 22. Bd2 e6 23. Qc3 Qxc3 24. Bxc3 Bf8 25. Bd2 Be7 26. Kf1 h5 27. h4
Kf8 28. Ke2 Ke8 29. Kd3 Kd7 30. g3 Ke8 31. Kc3 Kd7 32. Kb3 Kc8 33. Ba5 b6 34.
Bd2 Kd7 35. Kc2 Ke8 36. Kd3 Kd7 37. Ke3 Nb7 38. Kf4 Ke8 39. Ng5 Kf8 40. f3 Kg7
41. g4 Nd8 42. Kg3 f6 43. exf6+ Bxf6 44. Bf4 Nb7 45. Bb8 Na5 46. Bxa7 Nc4 47.
gxh5 gxh5 48. Nxe6+ Kf7 49. Nf4 Bxd4 50. Nxd5 Ke6 51. Nf4+ Kd7 52. Bb8 Kc8 53.
Ne6 Bf6 54. Bf4 Nb2 55. Be3 Nxa4 56. Bd4 Be7 57. f4 Kd7 58. f5 Bd6+ 59. Kh3 Ke7
60. Ng7 Bc5 61. Be5 Bf2 62. Nxh5 Nc5 63. Nf4 Nd7 64. Nd5+ Kf7 65. Bb2 Be1 66.
Bd4 Ba5 67. Kg4 Kg8 68. Nf6+ Nxf6+ 69. Bxf6 Kh7 70. Bd4 Kh6 71. Kf4 Kh5 72. Bf2
Kh6 73. Ke5 Kg7 74. Ke6 Kf8 75. Bd4 Be1 76. h5 Ba5 77. h6 Kg8 78. Be3 Kf8 79.
f6 Bd2 80. Bxd2 1-0

[Event "Championnat de France des Jeunes - Mini"]
[Site "LA ROCHE SUR YON"]
[Date "2008.04.25"]
[Round "7.8"]
[White "Gertosio, Franck"]
[Black "Velten, Paul"]
[Result "0-1"]
[WhiteElo "1985"]
[BlackElo "2085"]
[Annotator "Salaun,Michel"]
[PlyCount "122"]
[EventDate "2008.04.27"]
[EventType "swiss"]
[EventRounds "9"]
[EventCountry "FRA"]

1. e4 e6 2. d4 d5 3. Nd2 Nf6 4. e5 Nfd7 5. f4 c5 6. c3 Nc6 7. Ndf3 Qb6 8. a3
Be7 9. h4 Nf8 10. Bd3 Bd7 11. Ne2 Rc8 12. b4 cxb4 13. cxb4 a6 14. Be3 Na7 15.
Kf2 Bb5 16. h5 Nd7 17. Rh3 f5 18. Qd2 Bxd3 19. Qxd3 Kf7 20. Rg1 a5 21. g4 g6
22. Rgh1 Rhg8 23. hxg6+ hxg6 24. Rh7+ Rg7 25. gxf5 gxf5 26. Ng5+ Bxg5 27. Rxg7+
Kxg7 28. fxg5 Nf8 29. Nf4 axb4 30. axb4 Nb5 31. Qd1 Qc6 32. Qh5 Qc2+ 33. Ne2
Nc3 34. Rc1 Qb2 35. Ke1 Rc6 36. Nf4 Qxb4 37. Bd2 Qxd4 38. Rxc3 Rxc3 39. Ne2 Re3
40. Qh6+ Kg8 41. Bxe3 Qxe3 42. Qf6 Qh3 43. g6 Qh6 44. Qf7+ Kh8 45. Nf4 Qg7 46.
Qe8 Qxe5+ 47. Kd1 Qa1+ 48. Kc2 Qa2+ 49. Kc3 Qc4+ 50. Kb2 Qb4+ 51. Kc2 Qc5+ 52.
Kd2 Qa5+ 53. Ke2 Qa2+ 54. Kf3 Qb3+ 55. Kg2 Qc2+ 56. Kh3 Qc3+ 57. Kh4 Qf6+ 58.
Kh3 Kg8 59. Kh2 e5 60. Nxd5 Qh4+ 61. Kg2 Qe4+ 0-1

[Event "Championnat de France des Jeunes - Mini"]
[Site "LA ROCHE SUR YON"]
[Date "2008.04.25"]
[Round "7.9"]
[White "Le Ruyet, Leopold"]
[Black "Lebreton, Flavien"]
[Result "1/2-1/2"]
[WhiteElo "2063"]
[BlackElo "1915"]
[Annotator "Salaun,Michel"]
[PlyCount "118"]
[EventDate "2008.04.27"]
[EventType "swiss"]
[EventRounds "9"]
[EventCountry "FRA"]

1. e4 c5 2. Nf3 d6 3. d4 cxd4 4. Nxd4 Nf6 5. Nc3 g6 6. Be3 Bg7 7. f3 Nc6 8. Qd2
Bd7 9. Bc4 Ne5 10. Bb3 Qc7 11. Bg5 Nc4 12. Qe2 Rc8 13. Bxf6 Bxf6 14. Nd5 Qa5+
15. c3 Bxd4 16. Bxc4 b5 17. Bb3 Be6 18. Qd2 Bg7 19. O-O Bxd5 20. Qxd5 O-O 21.
a4 Qb6+ {(=)} 22. Kh1 Rc5 23. Qd2 bxa4 24. Bxa4 Rb8 25. Ra2 a5 26. Rfa1 Rh5 27.
g3 Be5 28. f4 Bg7 29. Bd1 Rb5 30. Rb1 Qc5 31. Qd3 Qb6 32. Ba4 Rc5 33. Ra3 Qc7
34. Rb3 h5 35. Kg2 Kh7 36. Rxb8 Qxb8 37. h3 Qb7 38. Bd1 Qb5 39. Qxb5 Rxb5 40.
Be2 Rb6 41. Bd3 a4 {(=)} 42. Bc2 a3 43. bxa3 Rxb1 44. Bxb1 Bxc3 45. Kf3 Kg7 46.
Ke3 Kf6 47. a4 e5 48. fxe5+ Kxe5 49. Ba2 f5 50. exf5 Kxf5 51. Bb1+ Kg5 52. Kf3
d5 53. Ba2 d4 54. Bb1 Be1 55. h4+ Kf6 56. Kf4 Bd2+ 57. Ke4 Be1 58. Kf4 Bd2+ 59.
Kf3 Be1 {(=)} 1/2-1/2

[Event "Championnat de France des Jeunes - Cade"]
[Site "LA ROCHE SUR YON"]
[Date "2008.04.25"]
[Round "7.10"]
[White "Josse, Anais"]
[Black "Burel, Gwenaelle"]
[Result "0-1"]
[WhiteElo "1620"]
[BlackElo "1663"]
[Annotator "Salaun,Michel"]
[PlyCount "90"]
[EventDate "2008.04.27"]
[EventType "swiss"]
[EventRounds "9"]
[EventCountry "FRA"]

1. e4 c5 2. Nc3 Nc6 3. g3 Nf6 4. Bg2 d6 5. f4 Qc7 6. d3 e6 7. Nf3 Be7 8. Qe2
Nd4 9. Qd1 Nxf3+ 10. Qxf3 Rb8 11. Be3 b5 12. O-O b4 13. Ne2 Bb7 14. Qf2 Ng4 15.
Qf3 Nxe3 16. Qxe3 Bf6 17. c3 Ba6 18. Rac1 bxc3 19. bxc3 Rb2 20. a4 O-O 21. Rfd1
Rfb8 22. Rd2 Rxd2 23. Qxd2 Qa5 24. Qc2 h6 25. Rd1 Rb6 26. Bf1 Rc6 27. Qb3 Kh7
28. d4 c4 29. Qa3 Rb6 30. Nc1 Be7 31. d5 Bf6 32. dxe6 fxe6 33. Rxd6 Rxd6 34.
Qxd6 Qxa4 35. e5 Qc2 36. Ne2 Bb5 37. exf6 gxf6 38. Qc7+ Kg6 39. Qxa7 Qd2 40.
Qc5 Be8 41. Qxc4 Qe3+ 42. Kh1 Qf3+ 43. Bg2 Qf2 44. Qe4+ Kg7 45. Qxe6 Qe1+ 0-1

[Event "Championnat de France des Jeunes - Mini"]
[Site "LA ROCHE SUR YON"]
[Date "2008.04.25"]
[Round "7.7"]
[White "Paci, Romain"]
[Black "Massoni, Michael"]
[Result "0-1"]
[WhiteElo "1993"]
[BlackElo "2176"]
[Annotator "Salaun,Michel"]
[PlyCount "40"]
[EventDate "2008.04.27"]
[EventType "swiss"]
[EventRounds "9"]
[EventCountry "FRA"]

1. e4 c5 2. Nf3 e6 3. d4 cxd4 4. Nxd4 a6 5. Nc3 Qc7 6. Bd3 Nc6 7. Nxc6 dxc6 8.
O-O e5 9. Kh1 Nf6 10. Qe2 b5 11. a4 Bb7 12. Nd1 Bc5 13. Ne3 O-O-O 14. Bd2 g6
15. axb5 axb5 16. f3 Nh5 17. Ba5 Bb6 18. Bxb6 Qxb6 19. g3 Ng7 20. c4 Ne6 0-1

[Event "Championnat de France des Jeunes - Mini"]
[Site "LA ROCHE SUR YON"]
[Date "2008.04.26"]
[Round "8.8"]
[White "Kohi, Camilla"]
[Black "Copin, Oceane"]
[Result "0-1"]
[WhiteElo "1855"]
[BlackElo "1720"]
[Annotator "Salaun,Michel"]
[PlyCount "61"]
[EventDate "2008.04.27"]
[EventType "swiss"]
[EventRounds "9"]
[EventCountry "FRA"]

1. d4 d5 2. c4 c6 3. Nf3 Nf6 4. Nc3 e6 5. Bg5 Nbd7 6. e3 Qa5 7. Qc2 Ne4 8. Bf4
Bb4 9. Rc1 Qxa2 10. Bd3 Nxc3 11. O-O dxc4 12. bxc3 Qxc2 13. Bxc2 Be7 14. Ra1
O-O 15. g4 Nf6 16. g5 Nd5 17. h4 Nxc3 18. Rae1 Nd5 19. Bh2 a5 20. Ne5 c3 21. f4
Bd6 22. Nc4 Bc7 23. h5 b5 24. Ne5 Bxe5 25. fxe5 a4 26. Be4 b4 27. Ra1 b3 28.
Rfb1 Bd7 29. Ra3 Nxe3 30. Bf4 Nc4 31. Raa1 0-1

[Event "Championnat de France des Jeunes - Mini"]
[Site "LA ROCHE SUR YON"]
[Date "2008.04.26"]
[Round "8.9"]
[White "Saucey, Capucine"]
[Black "Klipper, Noemie"]
[Result "1/2-1/2"]
[WhiteElo "1780"]
[BlackElo "1831"]
[Annotator "Salaun,Michel"]
[PlyCount "105"]
[EventDate "2008.04.27"]
[EventType "swiss"]
[EventRounds "9"]
[EventCountry "FRA"]

1. e4 c5 2. Nf3 g6 3. c3 Nf6 4. e5 Nd5 5. d4 cxd4 6. cxd4 Bg7 7. Bc4 Nb6 8. Bb3
O-O 9. O-O Nc6 10. Re1 d6 11. Bf4 dxe5 12. dxe5 Bg4 13. Qxd8 Raxd8 14. Nbd2 Nd5
15. Bxd5 Rxd5 16. h3 Be6 17. Nb3 Nb4 18. Nbd4 Nd3 19. Re4 Nxf4 20. Rxf4 Bxe5
21. Nxe6 fxe6 22. Rb4 b6 23. Re1 Rf5 24. Ra4 Bxb2 25. Rxa7 Kf7 26. Ra4 Bf6 27.
Rae4 Rd6 28. a4 Ra5 29. g4 Rd3 30. Kg2 Rd6 31. h4 Rc5 32. g5 Bg7 33. Nh2 Rf5
34. Ng4 Rfd5 35. Ne3 Rd4 36. Nc4 Rxe4 37. Nxd6+ exd6 38. Rxe4 Bc3 39. Rc4 Ba5
40. Rc7+ Kg8 41. Kf3 Bb4 42. Re7 e5 43. Rb7 Bc5 44. Ke2 Bd4 45. f3 Bc5 46. Rc7
Bd4 47. Kd3 Bf2 48. Rc4 d5 49. Rc8+ Kf7 50. Rc7+ Kg8 51. Rc8+ Kf7 52. Rc7+ Kg8
53. Rc8+ 1/2-1/2

[Event "Championnat de France des Jeunes - Mini"]
[Site "LA ROCHE SUR YON"]
[Date "2008.04.26"]
[Round "8.6"]
[White "Hourlier, Claire"]
[Black "Rambourg, Juliette"]
[Result "1/2-1/2"]
[WhiteElo "1907"]
[BlackElo "1811"]
[Annotator "Salaun,Michel"]
[PlyCount "102"]
[EventDate "2008.04.27"]
[EventType "swiss"]
[EventRounds "9"]
[EventCountry "FRA"]

1. e4 c5 2. Nc3 g6 3. f4 Bg7 4. Nf3 Nc6 5. Bc4 e6 6. O-O Nge7 7. d3 O-O 8. Ne2
d5 9. Bb3 Nd4 10. Nexd4 cxd4 11. Qe1 b6 12. e5 Nf5 13. g4 Nh6 14. h3 f6 15.
exf6 Qxf6 16. g5 Qf5 17. gxh6 Bxh6 18. Qh4 Bg7 19. Bd2 Bb7 20. Rae1 h6 21. Qg4
Qxg4+ 22. hxg4 Rae8 23. Ne5 Kh7 24. Ba4 Rc8 25. Bb4 Rg8 26. f5 gxf5 27. Kh2 b5
28. Bb3 Bxe5+ 29. Rxe5 Rxg4 30. Rxe6 Rcg8 31. Be1 Bc8 32. Re7+ Kh8 33. Bxd5
R8g5 34. Rf3 Rg2+ 35. Kh3 f4+ 36. Be6 Rg1 37. Kh2 R1g2+ 38. Kh3 Rg1 39. Kh2
R1g2+ {(=)} 40. Kh3 Rg1 41. Kh4 Rxe1 42. Re8+ Kg7 43. Rxc8 Rxe6 44. Rxf4 Re1
45. Rf3 Rh1+ 46. Rh3 Rhg1 47. Rf3 Rh1+ 48. Rh3 Rhg1 49. Rc7+ Kg6 50. Rc6+ Kg7
51. Rc7+ Kg6 1/2-1/2